| 000 | 03439cam a22004334a 4500 | ||
|---|---|---|---|
| 001 | 14005034 | ||
| 003 | OSt | ||
| 005 | 20180117085941.0 | ||
| 008 | 050616s2006 nyua b 001 0 eng | ||
| 010 | _a 2005017534 | ||
| 020 | _a1593852266 (cloth : alk. paper) | ||
| 035 | _a(DNLM)101250533 | ||
| 040 |
_aDNLM/DLC _cDLC _dDLC |
||
| 042 | _apcc | ||
| 050 | 0 | 0 |
_aRC451.4.A5 _bG4665 2006 |
| 060 | 1 | 0 |
_aWT 150 _bG36855 2006 |
| 082 | 0 | 0 |
_a618.97/68 _222 |
| 245 | 0 | 0 |
_aGeriatric neuropsychology : _bassessment and intervention / _cedited by Deborah K. Attix, Kathleen A. Welsh-Bohmer. |
| 260 |
_aNew York : _bGuilford Press, _cc2006. |
||
| 300 |
_axii, 467 p. : _bill. ; _c27 cm. |
||
| 504 | _aIncludes bibliographical references and index. | ||
| 505 | 0 | _aAn integrated model for geriatric neuropsychological assessment / Guy G. Potter and Deborah K. Attix -- Normal aging and mild cognitive impairment / Glenn Smith and Beth K. Rush -- Neurodegenerative dementias / Kathleen A. Welsh-Bohmer and Lauren H. Warren -- Stable and slowly progressive dementias / Allison Cato and Bruce A. Crosson -- Potentially reversible cognitive symptoms in older adults / Wes S. Houston and Mark W. Bondi -- Using norms in neuropsychological assessment of the elderly / Robyn M. Busch, Gordon J. Chelune, and Yana Suchy -- Functional assessment / Daniel Marson and Katina R. Hebert -- Cultural issues / Jennifer J. Manly -- Feedback / Joanne Green -- An integrated model for geriatric neuropsychological intervention / Deborah K. Attix -- | |
| 505 | 0 | _aTraining of cognitive and functionally relevant skills in mild Alzheimer's disease, an integrated approach / David Loewenstein and Amarilis Acevedo -- Spaced retrieval: a model for dissemination of a cognitive intervention for persons with dementia / Cameron J. Camp -- Multitechnique program approaches / Linda Clare -- Language interventions in dementia / Cynthia K. Thompson and Nancy Johnson -- External aids / Michelle S. Bourgeois -- Behavioral treatment of affective disorders and associated symptoms / Rebecca G. Logsdon, Susan M. McCurry, and Linda Teri -- Behavioral treatment of impaired functioning and behavioral symptoms / Ann Louise Barrick -- Group psychotherapy approaches for dementia / Guy G. Potter, Deborah K. Attix, and Cory K. Chen -- Pharmacological and other treatment strategies for Alzheimer's disease / Kathleen Hayden and Mary Sano. | |
| 650 | 0 | _aGeriatric neuropsychiatry. | |
| 650 | 0 |
_aCognition disorders in old age _xDiagnosis. |
|
| 650 | 0 | _aNeuropsychological tests. | |
| 650 | 1 | 2 |
_aMental Disorders _xdiagnosis _xAged. |
| 650 | 1 | 2 |
_aMental Disorders _xtherapy _xAged. |
| 650 | 2 | 2 |
_aBehavioral Symptoms _xAged. |
| 650 | 2 | 2 |
_aNeuropsychological Tests _xAged. |
| 700 | 1 | _aAttix, Deborah K. | |
| 700 | 1 | _aWelsh-Bohmer, Kathleen A. | |
| 856 | 4 | 1 |
_3Table of contents only _uhttp://www.loc.gov/catdir/toc/ecip0514/2005017534.html |
| 856 | 4 | 2 |
_3Contributor biographical information _uhttp://www.loc.gov/catdir/enhancements/fy0622/2005017534-b.html |
| 906 |
_a7 _bcbc _corignew _d1 _eecip _f20 _gy-gencatlg |
||
| 942 |
_2ddc _cBK |
||
| 999 |
_c2439 _d2439 |
||